| 000 | 00470nam a22001817a 4500 | ||
|---|---|---|---|
| 005 | 20251108172630.0 | ||
| 008 | 250721s2000 xx 000 0 ara d | ||
| 082 | 1 | 4 | _a387,05/غني |
| 100 | 1 | _aغنيم، أحمد | |
| 245 | 1 | 0 | _aسند الشحن البحري / |
| 264 | 1 |
_aالقاهره : _c2000. |
|
| 300 | _a165 ص | ||
| 650 | 1 | 7 | _aالنقل المائي |
| 650 | 1 | 7 | _aالنقل البحري |
| 650 | 1 | 7 | _aالشحن |
| 942 |
_2ddc _cBK |
||
| 999 |
_c84523 _d84523 |
||